Summer Olympics -- Medalists in Modern Pentathlon - Statistics

General Stats
  • This quiz has been taken 26 times
    6 since last reset
  • The average score is 17 of 25
Answer Stats
Olympic Teams % Correct
France
100%
Germany
100%
Great Britain
100%
Italy
100%
United States
100%
Australia
83%
Finland
83%
Hungary
83%
Poland
83%
Russia
83%
Sweden
83%
Brazil
67%
China
67%
Czechia
67%
Soviet Union
67%
Ukraine
67%
Belarus
50%
Czechoslovakia
50%
Mexico
50%
South Korea
50%
Egypt
33%
Kazakhstan
33%
Latvia
33%
Lithuania
33%
Unified Team
33%
No matching quizzes found
Score Distribution
Percent of People with Each Score
Percentile by Number Answered
Your Score History
You have not taken this quiz since the last reset